00445nam a22001457a 4500003000500000005001700005008004100022040000900063082002200072100001700094245010200111260002800213300002200241504003600263322820250527090514.0230707b sa ||||| |||| 00| 0 eng d c3228 a381.14206573 BRYA aBryar, Colin aWorking backwards : insights, storoies, and secrets from inside AmazoncColin Bryar and Bill Carr aLondonbMacmillanc2021 a286 pages c24 cm 6Includes bibliography and index